000 01333cam a2200385 a 4500
001 4531
003 FISKH
005 20260120120448.0
008 080627s2008 nyuab j 000 0 eng d
010 _a 2008297946
020 _a9780439025249 (pbk.)
020 _a0439025249 (pbk.)
035 _a(OCoLC)ocn202942915
040 _aIHI
_cIHI
_dJHY
_dDLC
_beng
050 _aE450.R66
082 0 0 _a973.7
100 1 _aRoop, Peter.
245 1 0 _aWho conducted the Underground Railroad? :
_band other questions about the path to freedom /
_cby Peter and Connie Roop.
260 _aNew York :
_bScholastic,
_c2008.
300 _a44 pages :
_billustrations ; maps ;
_c20 cm
490 0 _aChapters in history
500 _a"This edition is available for distribution only through the school market"--P. [4] of cover.
505 _aR
520 _aThis book will answer all kinds of questions about slavery and the path to freedom!.
521 8 _a750
_bLexile
521 8 _aR
_bRaz-Plus
650 0 _aUnderground Railroad
_vJuvenile literature.
650 0 _aFugitive slaves
_zUnited States
_vJuvenile literature.
650 1 _aUnderground Railroad.
650 1 _aFugitive slaves.
700 1 _aRoop, Connie.
906 _a7
_bcbc
_ccopycat
_d2
_encip
_f20
_gy-gencatlg
942 _2ddc
_cBK
_n0
999 _c4531
_d4531